Unofficial Flags Quiz - Statistics

General Stats
  • This quiz has been taken 75 times
  • The average score is 4 of 8
Answer Stats
Picture Answer % Correct
Antarctica
91%
Northern Ireland
64%
French Guiana
48%
New Caledonia
46%
Guadeloupe
38%
Réunion
34%
Saint Pierre and Miquelon
34%
Saint Barthélemy
20%
No matching quizzes found
Score Distribution
Percent of People with Each Score
Percentile by Number Answered
Your Score History
You have not taken this quiz